00360nam a2200133Ia 4500100001900000942000700019654001500026245002600041260003800067300000800105546001200113999001700125952008400142 aCaswell /fred  cBK astatistics aSuccess in statistics bMaxwell MacmillanaNew yorkc1990 a322 aENGLISH c26588d26588 001040708CRCaCRCEbCRCEd2023-03-17l0o p3600r2023-03-17w2023-03-17yBK